<?xml version="1.0" encoding="UTF-8"?>
<marc:record xmlns:marc="http://www.loc.gov/MARC21/slim">
   <marc:leader>00000nam a2200000 a 4500</marc:leader>
   <marc:datafield ind1="1" ind2=" " tag="100">
      <marc:subfield code="a">Bonsels, Waldemar</marc:subfield>
      <marc:subfield code="4">aut</marc:subfield>
      <marc:subfield code="e">Verfasser/-in</marc:subfield>
   </marc:datafield>
   <marc:datafield ind1=" " ind2=" " tag="653">
      <marc:subfield code="a">Bienen</marc:subfield>
   </marc:datafield>
   <marc:datafield ind1=" " ind2=" " tag="653">
      <marc:subfield code="a">Tonies</marc:subfield>
   </marc:datafield>
   <marc:datafield ind1=" " ind2=" " tag="653">
      <marc:subfield code="a">Tonie-Hörbuch</marc:subfield>
   </marc:datafield>
   <marc:datafield ind1=" " ind2=" " tag="653">
      <marc:subfield code="a">Tonie</marc:subfield>
   </marc:datafield>
   <marc:datafield ind1=" " ind2=" " tag="653">
      <marc:subfield code="a">Grashüpfer Flip</marc:subfield>
   </marc:datafield>
   <marc:datafield ind1=" " ind2=" " tag="653">
      <marc:subfield code="a">Tonie-Hörfigur</marc:subfield>
   </marc:datafield>
   <marc:datafield ind1="0" ind2="0" tag="245">
      <marc:subfield code="a">Der Bienentanz - Tonie -Die Biene Maja, Grashüpfer Flip</marc:subfield>
   </marc:datafield>
   <marc:datafield ind1=" " ind2="1" tag="264">
      <marc:subfield code="b">Boxine Sales DAB GmbH</marc:subfield>
      <marc:subfield code="c">2021</marc:subfield>
   </marc:datafield>
   <marc:datafield ind1="1" ind2=" " tag="490">
      <marc:subfield code="a">Tonie</marc:subfield>
   </marc:datafield>
   <marc:datafield ind1="1" ind2=" " tag="520">
      <marc:subfield code="a">Neue Geschichten von der Klatschmohnwiese nach den Klassikern von Waldemar Bonsels Grashüpfer Flip gesellt sich zu seinen Freunden Maja und Willi und bringt gleich 7 spannende Geschichten mit. Bereits in der ersten Geschichte löst der schnarchende Flip ganz schön große Aufregung bei den Bienen aus. Nachdem die Bienen aus ihrem Stock geflohen sind, stellt sich alles nur zum Glück als falscher Alarm heraus!  Auf der Klatschmohnwiese hat Maja einen Kokon entdeckt. Ganz aufgeregt beobachtet sie mit Willi, wie ein Schmetterling schlüpft. Dann machen sie Bekanntschaft mit der Raupe Momo. Am nächsten Morgen hat auch Momo sich verwandelt, doch nicht in einen Schmetterlingà  Die große Ernte steht an und Maja und ihre Freunde helfen natürlich mit. Nur leider sammeln sie Baldrian-Pollen und versetzen die Arbeitsbienen in einen tiefen Schlafà  Diese und noch vier weitere Geschichten begeistern Klein und Groß!</marc:subfield>
   </marc:datafield>
   <marc:datafield ind1="3" ind2=" " tag="024">
      <marc:subfield code="a">4251192116505</marc:subfield>
   </marc:datafield>
</marc:record>
